| 000 | 00414nam a22001457a 4500 | ||
|---|---|---|---|
| 999 |
_c8703 _d8703 |
||
| 003 | OSt | ||
| 008 | 200706b ||||| |||| 00| 0 eng d | ||
| 020 | _a9788185731063 | ||
| 100 | _aV. Reghunandanan, K. Gopinathan & R. Reghunandanan | ||
| 245 | _aElementary Human Anatomy And Physiology | ||
| 250 | _a2020 | ||
| 260 |
_aNew Delhi _bVallabh Prakashan |
||
| 650 | _aHuman Anatomy and Physiology | ||
| 942 |
_2ddc _cBK _01 |
||